000 00458nam a2200181Ia 4500
001 2272
005 20260306143830.0
008 260306t2020||||xx |||||||||||||| ||spa||
041 _aESP
082 _a616.84
_bA66
100 _aArango Lasprilla, Juan Carlos,
_eAUT
245 0 _aPrincipios de rehabilitación neuropsicológica
260 _c2020
300 _axvi, 363 páginas :
_c23 cm.
650 _aGEN
654 _aCPS
942 _cLIB
_dJUS
_fJUS
_2ddc
_n
999 _c2272
_d2272